000 00993nam a22002897a 4500
003 CHAP
005 20220817041837.0
008 971013s1969 r 00010 d
010 _a26347
011 _a27319
035 _a31420
040 _cCHAP
090 _aTesis
100 0 0 _aByerly Murphy, Keir Francisco.
_916490
245 _aInvernación, evaluación del daño y combate químico de la conchuela del frijol (Epilachna varivesties Muls. Coleoptera : Coccinelidae)
260 _aChapingo, Méx. :
_bEl autor,
_c1969
300 _a102 h.
_b: ilus.
502 _aTesis (Ing. Agr. Esp. en Parasitología) -- ENA. Departamento de Parasitología Agrícola
590 _aALEPH
_b10
_c20130110
_lUCH01
_h1249
590 _aBATCH-UPD
_b10
_c20130110
_lUCH01
_h2004
590 _aCONVERSION
_b10
_c20130109
_lUCH01
_h1315
650 1 4 _aEpilachna varivestis.
901 _aBK
942 _cFOLL
949 _bBC
_cTES
_d-72647
_eTS1
_i31420
_si
949 _bBC
_cTES
_d-72649
_eTS2
_fc.2
_i31420
_si
999 _c26347
_d26347